[Event "DVM U20w 2008"]
[Site "Arendsee (Altmark) GER"]
[Date "2008.12.27"]
[Round "1"]
[White "Dietzen, Corinna"]
[Black "Karmann, Anna"]
[Result "0-1"]
[Termination "normal"]
[Board "1.1"]
[WhiteElo "2009"]
[BlackElo "1903"]
[WhiteTeam "SF Wadgassen/Differten"]
[BlackTeam "SG Porz"]
[PlyCount "157"]
[WhiteFideId "24621021"]
[BlackFideId "24648000"]
[EventCountry "GER"]
[EventRounds "5"]
[EventType "team-swiss"]
[EventDate "2008.12.26"]

1. e4 c6 2. d4 d5 3. e5 Bf5 4. Nf3 e6 5. Be2 Nd7 6. O-O Ne7 7. c3 c5 8. dxc5
Nc6 9. Nd4 Bxb1 10. Rxb1 Bxc5 11. Nxc6 bxc6 12. Qa4 Qc7 13. Bf4 O-O 14. Bd3
Rfc8 15. Rbe1 Bb6 16. Qd1 Nc5 17. Bc2 f5 18. Qh5 Qf7 19. Qh4 Bd8 20. Qh3 g5 21.
Be3 Nd7 22. f4 g4 23. Qh6 Qg6 24. Qxg6+ hxg6 25. h3 gxh3 26. gxh3 c5 27. Re2
Kf7 28. Rg2 Ba5 29. Kh2 Rg8 30. Bd1 Rh8 31. Rfg1 Rh6 32. Kg3 Bb6 33. Rd2 c4 34.
Bd4 Nc5 35. Bxc5 Bxc5 36. Rh1 Be3 37. Re2 Bc5 38. Reh2 Be7 39. h4 Rg8 40. Kf3
Rgh8 41. Kg3 Rg8 42. Kf3 Bd8 43. Ba4 Ke7 44. Rg2 Bb6 45. Bd1 Kf7 46. Be2 Rb8
47. Rgh2 Bc7 48. Bd1 Rhh8 49. Rg2 a5 50. a4 Bb6 51. Rd2 Rbd8 52. Be2 Bc5 53.
Bf1 Be7 54. Kg3 g5 55. h5 Rdg8 56. Rg2 gxf4+ 57. Kxf4 Rxg2 58. Bxg2 Kg7 59. Bf3
Bc5 60. Rh2 Rh6 61. Rg2+ Kf7 62. Rh2 Bb6 63. Rh3 d4 64. cxd4 Bxd4 65. Rh2 c3
66. bxc3 Bxc3 67. Rc2 Bb4 68. Rc7+ Ke8 69. Rg7 Bd2+ 70. Kg3 Kf8 71. Ra7 Kg8 72.
Ra6 Kf7 73. Bd5 Rxh5 74. Bxe6+ Ke7 75. Bc4 f4+ 76. Kg4 Rxe5 77. Ra7+ Kd6 78.
Bb5 Kc5 79. Rd7 0-1

[Event "DVM U20w 2008"]
[Site "Arendsee (Altmark) GER"]
[Date "2008.12.27"]
[Round "1"]
[White "Blübaum, Johanna"]
[Black "Ley, Janine"]
[Result "1-0"]
[Termination "normal"]
[Board "1.2"]
[WhiteElo "1902"]
[BlackElo "1655"]
[WhiteTeam "SG Porz"]
[BlackTeam "SF Wadgassen/Differten"]
[PlyCount "77"]
[WhiteFideId "24647373"]
[BlackFideId "24671274"]
[EventCountry "GER"]
[EventRounds "5"]
[EventType "team-swiss"]
[EventDate "2008.12.26"]

1. d4 Nf6 2. c4 e6 3. Nc3 Bb4 4. Qc2 O-O 5. a3 Bxc3+ 6. Qxc3 b6 7. Nf3 Bb7 8.
g3 d5 9. Bg2 Nbd7 10. O-O c5 11. Rd1 Rc8 12. cxd5 cxd4 13. Qxd4 Bxd5 14. Bg5
Rc4 15. Qe3 Qc7 16. Bf4 Qb7 17. Rac1 Rfc8 18. Rxc4 Rxc4 19. Rc1 Qc6 20. Rxc4
Qxc4 21. Ne1 Bxg2 22. Kxg2 Nd5 23. Qd2 Nxf4+ 24. gxf4 Qd5+ 25. Qxd5 exd5 26.
Kf3 f5 27. Ke3 Kf7 28. Kd4 Ke6 29. Nd3 g6 30. f3 Nf6 31. e3 Nd7 32. b4 a6 33.
a4 h6 34. h4 Kd6 35. a5 b5 36. Ne5 Nxe5 37. fxe5+ Ke6 38. f4 h5 39. Kc5 1-0

[Event "DVM U20w 2008"]
[Site "Arendsee (Altmark) GER"]
[Date "2008.12.27"]
[Round "1"]
[White "Neumann, Tanja"]
[Black "Micklich, Rahel"]
[Result "1-0"]
[Termination "normal"]
[Board "1.3"]
[WhiteElo "1453"]
[BlackElo "1779"]
[WhiteTeam "SF Wadgassen/Differten"]
[BlackTeam "SG Porz"]
[PlyCount "61"]
[WhiteFideId "24659274"]
[BlackFideId "24639184"]
[EventCountry "GER"]
[EventRounds "5"]
[EventType "team-swiss"]
[EventDate "2008.12.26"]

1. e4 c5 2. Nf3 d6 3. Nc3 a6 4. d4 cxd4 5. Nxd4 Nf6 6. Be3 e6 7. Bd3 Be7 8. O-O
O-O 9. a3 Qc7 10. Qf3 Rd8 11. Rad1 b5 12. Qg3 Bf8 13. Bg5 Nbd7 14. Rfe1 Bb7 15.
Nf3 Rac8 16. Re3 Be7 17. Bf4 Nh5 18. Qg4 Ndf6 19. Qh4 g6 20. Bg5 e5 21. g4 Nxg4
22. Qxg4 Bxg5 23. Nxg5 Rb8 24. Nd5 Bxd5 25. exd5 Nf4 26. Qh4 h5 27. Rg3 Nxd3
28. cxd3 Qc2 29. Rf1 Rb7 30. Ne4 Qc8 31. Qxh5 1-0

[Event "DVM U20w 2008"]
[Site "Arendsee (Altmark) GER"]
[Date "2008.12.27"]
[Round "1"]
[White "Tunc, Helin"]
[Black "Nischik, Natascha"]
[Result "0-1"]
[Termination "time forfeit"]
[Board "1.4"]
[WhiteElo "1554"]
[BlackElo "1415"]
[WhiteTeam "SG Porz"]
[BlackTeam "SF Wadgassen/Differten"]
[PlyCount "69"]
[WhiteFideId "24659304"]
[BlackFideId "4633849"]
[EventCountry "GER"]
[EventRounds "5"]
[EventType "team-swiss"]
[EventDate "2008.12.26"]

1. d4 Nf6 2. c4 e6 3. Nc3 Bb4 4. e3 b6 5. Nf3 Bb7 6. Bd3 Bxc3+ 7. bxc3 O-O 8.
O-O d5 9. cxd5 exd5 10. Ba3 Re8 11. Qc2 h6 12. Rfc1 Nbd7 13. c4 dxc4 14. Qxc4
Bxf3 15. gxf3 c5 16. dxc5 Ne5 17. Qc3 Qxd3 18. Qxd3 Nxd3 19. Rc3 Nxc5 20. Bxc5
bxc5 21. Rxc5 Rac8 22. Rac1 Rxc5 23. Rxc5 Re7 24. Kg2 Rb7 25. a4 Kh7 26. Ra5
Nd7 27. Kg3 Kg6 28. e4 Kf6 29. h4 Ke6 30. Ra6+ Ke5 31. Ra5+ Kd4 32. Rd5+ Kc4
33. Kf4 Nc5 34. Rf5 Nxa4 35. Rd5 0-1

[Event "DVM U20w 2008"]
[Site "Arendsee (Altmark) GER"]
[Date "2008.12.27"]
[Round "1"]
[White "Erben, Larissa"]
[Black "Breitwieser, Jasmin"]
[Result "1-0"]
[Termination "normal"]
[Board "2.1"]
[WhiteElo "1991"]
[BlackElo "1823"]
[WhiteTeam "SV Stuttgart-Wolfbusch 1956"]
[BlackTeam "SC Ladja Roßdorf"]
[PlyCount "57"]
[WhiteFideId "24634590"]
[BlackFideId "24601705"]
[EventCountry "GER"]
[EventRounds "5"]
[EventType "team-swiss"]
[EventDate "2008.12.26"]

1. e4 c5 2. Nf3 d6 3. d4 cxd4 4. Nxd4 Nf6 5. Nc3 a6 6. Be2 e6 7. O-O Be7 8. f4
O-O 9. Be3 Nc6 10. Kh1 Bd7 11. Qe1 Qc7 12. Qg3 Nxd4 13. Bxd4 Bc6 14. Bd3 g6 15.
f5 e5 16. Be3 b5 17. a3 Qb7 18. Rae1 b4 19. axb4 Qxb4 20. Bh6 Rfe8 21. Nd5 Nxd5
22. exd5 Bxd5 23. fxg6 hxg6 24. Bxg6 Kh8 25. Bg7+ Kxg7 26. Bxf7+ Kh8 27. Bxd5
Bh4 28. Qg6 Qd2 29. Qh5+ 1-0

[Event "DVM U20w 2008"]
[Site "Arendsee (Altmark) GER"]
[Date "2008.12.27"]
[Round "1"]
[White "Häcker, Katrin"]
[Black "Hiller, Vanessa"]
[Result "0-1"]
[Termination "normal"]
[Board "2.3"]
[WhiteElo "1567"]
[BlackElo "1617"]
[WhiteTeam "SV Stuttgart-Wolfbusch 1956"]
[BlackTeam "SC Ladja Roßdorf"]
[PlyCount "92"]
[WhiteFideId "24667986"]
[BlackFideId "24668761"]
[EventCountry "GER"]
[EventRounds "5"]
[EventType "team-swiss"]
[EventDate "2008.12.26"]

1. e4 c5 2. Nf3 Nc6 3. d4 cxd4 4. Nxd4 g6 5. Nc3 Bg7 6. Be3 Nf6 7. Bc4 O-O 8.
Bb3 a6 9. a4 d6 10. h3 Bd7 11. O-O Qc8 12. Re1 Na5 13. Nd5 Nxd5 14. exd5 Nxb3
15. cxb3 e6 16. Qf3 e5 17. Rac1 Qd8 18. Ne2 f5 19. Nc3 Be8 20. Qd1 Bf7 21. b4
f4 22. Bd2 Rc8 23. Qb3 Qb6 24. a5 Qd8 25. Ne4 Qd7 26. b5 axb5 27. Bb4 Rxc1 28.
Rxc1 Rd8 29. Bxd6 Qf5 30. f3 Bf8 31. Bc7 Rxd5 32. Qc3 b4 33. Qe1 Kg7 34. Nd2
Bc5+ 35. Kh1 Be3 36. Rd1 Qd7 37. Bxe5+ Rxe5 38. Nc4 Rd5 39. Rxd5 Qxd5 40. Nxe3
fxe3 41. Qxe3 Qxa5 42. Qd4+ Kg8 43. Kh2 h5 44. Qd7 Qe5+ 45. Kg1 Qxb2 46. Qxb7
b3 0-1

[Event "DVM U20w 2008"]
[Site "Arendsee (Altmark) GER"]
[Date "2008.12.27"]
[Round "1"]
[White "Öz, Eda"]
[Black "Hafner, Katrin"]
[Result "1-0"]
[Termination "normal"]
[Board "2.4"]
[WhiteElo "1502"]
[BlackElo "1608"]
[WhiteTeam "SC Ladja Roßdorf"]
[BlackTeam "SV Stuttgart-Wolfbusch 1956"]
[PlyCount "67"]
[WhiteFideId "24672963"]
[BlackFideId "24668001"]
[EventCountry "GER"]
[EventRounds "5"]
[EventType "team-swiss"]
[EventDate "2008.12.26"]

1. e4 e6 2. Nf3 d5 3. Nc3 Nf6 4. e5 Nfd7 5. d4 c5 6. dxc5 Nc6 7. Bf4 Bxc5 8.
Bd3 f6 9. exf6 Nxf6 10. Ne5 O-O 11. O-O Qe8 12. Nb5 Qe7 13. Bg3 Bd7 14. Kh1 Nb4
15. Nc3 Be8 16. f4 Bh5 17. Be2 Qe8 18. a3 Nc6 19. Qd3 Bxe2 20. Nxe2 Ne4 21. Nc3
Nxg3+ 22. Qxg3 Rc8 23. Rae1 Nd4 24. Qd3 b5 25. Ne2 Nf5 26. Ng3 Nd4 27. f5 Qe7
28. c3 Nc6 29. b4 Nxe5 30. Rxe5 Bd6 31. Rxe6 Qxe6 32. fxe6 Bxg3 33. Rxf8+ Rxf8
34. hxg3 1-0

[Event "DVM U20w 2008"]
[Site "Arendsee (Altmark) GER"]
[Date "2008.12.27"]
[Round "1"]
[White "Billing, Tanja"]
[Black "Hofmann, Annett"]
[Result "0-1"]
[Termination "normal"]
[Board "3.1"]
[WhiteElo "1818"]
[BlackElo "1993"]
[WhiteTeam "FC Ergolding"]
[BlackTeam "SF Hettstedt"]
[PlyCount "80"]
[WhiteFideId "24647993"]
[BlackFideId "24603759"]
[EventCountry "GER"]
[EventRounds "5"]
[EventType "team-swiss"]
[EventDate "2008.12.26"]

1. c4 c5 2. Nc3 b6 3. d3 Bb7 4. e4 e6 5. f4 d5 6. cxd5 exd5 7. Nxd5 Bxd5 8.
exd5 Qxd5 9. Be2 Nc6 10. Bf3 Qd6 11. Ne2 Nge7 12. Be3 Nf5 13. Bf2 Be7 14. Qa4
Rc8 15. Bg4 Qg6 16. Bf3 O-O 17. O-O Rfd8 18. Rad1 Nh4 19. Bxh4 Bxh4 20. f5 Qf6
21. Be4 Bg5 22. Nf4 Rd4 23. Qc2 Qe5 24. g3 Rb4 25. Rd2 Nd4 26. Qc3 Re8 27. Rdf2
Bxf4 28. gxf4 Qd6 29. Rg2 Kh8 30. Kh1 f6 31. Rfg1 Re7 32. Qd2 Qd7 33. Qd1 c4
34. a3 Rb3 35. dxc4 Rxe4 36. Rxg7 Qxg7 37. Rxg7 Kxg7 38. Qg1+ Kf7 39. Kg2 Re2+
40. Kh1 Nf3 0-1

[Event "DVM U20w 2008"]
[Site "Arendsee (Altmark) GER"]
[Date "2008.12.27"]
[Round "1"]
[White "Weiß, Katharina"]
[Black "Farokhpey, Sarah"]
[Result "1/2-1/2"]
[Termination "normal"]
[Board "3.2"]
[WhiteElo "1651"]
[BlackElo "1612"]
[WhiteTeam "SF Hettstedt"]
[BlackTeam "FC Ergolding"]
[PlyCount "78"]
[WhiteFideId "24692859"]
[EventCountry "GER"]
[EventRounds "5"]
[EventType "team-swiss"]
[EventDate "2008.12.26"]

1. e4 e6 2. f4 d5 3. e5 c5 4. Nf3 Nc6 5. c3 Nge7 6. Na3 a6 7. Nc2 Qb6 8. Be2
Ng6 9. d3 Be7 10. O-O O-O 11. Kh1 f6 12. d4 fxe5 13. fxe5 Bd7 14. g3 c4 15. Ne3
Qc7 16. Qc2 Nd8 17. Bd2 Nf7 18. Ng2 Qd8 19. h4 Qc7 20. h5 Ngh8 21. Nf4 Qd8 22.
Nh3 Be8 23. Rg1 h6 24. Qc1 b5 25. g4 Qd7 26. g5 hxg5 27. Nfxg5 Nxg5 28. Nxg5
Nf7 29. Bg4 Nxg5 30. Bxg5 Bxg5 31. Qxg5 Ra7 32. h6 Rf7 33. Raf1 Rxf1 34. Rxf1
Qe7 35. Qxg7+ Qxg7 36. hxg7 Re7 37. Rf6 Bf7 38. Kg2 Kxg7 39. Kf3 Re8 1/2-1/2

[Event "DVM U20w 2008"]
[Site "Arendsee (Altmark) GER"]
[Date "2008.12.27"]
[Round "1"]
[White "Oberpriller, Katharina"]
[Black "Hofmann, Christine"]
[Result "1/2-1/2"]
[Termination "normal"]
[Board "3.3"]
[WhiteElo "1333"]
[BlackElo "1606"]
[WhiteTeam "FC Ergolding"]
[BlackTeam "SF Hettstedt"]
[PlyCount "67"]
[EventCountry "GER"]
[EventRounds "5"]
[EventType "team-swiss"]
[EventDate "2008.12.26"]

1. d4 d5 2. c4 c6 3. Nc3 Nf6 4. Bg5 Bf5 5. Nf3 e6 6. a3 Be7 7. e3 Nbd7 8. Bd3
Bxd3 9. Qxd3 O-O 10. O-O Rc8 11. Rac1 b6 12. cxd5 exd5 13. Rfd1 Re8 14. Rd2 Ne4
15. Bxe7 Rxe7 16. Rdc2 Nxc3 17. Rxc3 Re6 18. b4 a5 19. Qf5 Rf6 20. Qxd5 axb4
21. axb4 cxd5 22. Rxc8 Qf8 23. Rxf8+ Kxf8 24. b5 Ke7 25. Rc7 Kd8 26. Rc1 h6 27.
Ne1 Re6 28. Nd3 Nb8 29. Ne5 f6 30. Nd3 Rd6 31. Kf1 Kd7 32. Nb4 Ke6 33. Ke2 Rd7
34. Kf3 1/2-1/2

[Event "DVM U20w 2008"]
[Site "Arendsee (Altmark) GER"]
[Date "2008.12.27"]
[Round "1"]
[White "Becker, Franziska"]
[Black "Wernthaler, Lisa-Marie"]
[Result "1-0"]
[Termination "normal"]
[Board "3.4"]
[WhiteElo "1481"]
[BlackElo "909"]
[WhiteTeam "SF Hettstedt"]
[BlackTeam "FC Ergolding"]
[PlyCount "85"]
[WhiteFideId "24691518"]
[EventCountry "GER"]
[EventRounds "5"]
[EventType "team-swiss"]
[EventDate "2008.12.26"]

1. b3 e5 2. Bb2 Nf6 3. Bxe5 Nc6 4. Bb2 d5 5. e3 Bd6 6. c4 Bf5 7. Nf3 dxc4 8.
Bxc4 O-O 9. O-O Qd7 10. Re1 Rad8 11. Nc3 Ne4 12. Nxe4 Bxe4 13. d3 Bg6 14. Qc2
Bb4 15. Re2 Bxd3 16. Bxd3 Qxd3 17. Qxd3 Rxd3 18. a3 Bc3 19. Rc1 Bxb2 20. Rxb2
Na5 21. Kf1 c6 22. b4 Nc4 23. Rxc4 Rxa3 24. Ke2 Rd8 25. Nd4 g6 26. Rd2 Rd5 27.
b5 c5 28. Nc2 Rxd2+ 29. Kxd2 Rb3 30. Rxc5 b6 31. Rc8+ Kg7 32. Nd4 Rb2+ 33. Rc2
Rb4 34. Kc3 Ra4 35. Kb3 Ra5 36. Ra2 Rxa2 37. Kxa2 Kf6 38. Kb3 Ke5 39. Kc4 h5
40. Nc6+ Kd6 41. Nxa7 f5 42. Nc8+ Kc7 43. Ne7 1-0

[Event "DVM U20w 2008"]
[Site "Arendsee (Altmark) GER"]
[Date "2008.12.27"]
[Round "1"]
[White "Lorenz, Nicole"]
[Black "van Orsouw, Svenja"]
[Result "1/2-1/2"]
[Termination "normal"]
[Board "4.1"]
[WhiteElo "1811"]
[BlackElo "1701"]
[WhiteTeam "SG G-W Dresden"]
[BlackTeam "SK Turm Rheydt 1929"]
[PlyCount "52"]
[WhiteFideId "24623709"]
[BlackFideId "24677124"]
[EventCountry "GER"]
[EventRounds "5"]
[EventType "team-swiss"]
[EventDate "2008.12.26"]

1. e4 c5 2. Nf3 a6 3. c3 d5 4. exd5 Qxd5 5. d4 cxd4 6. cxd4 Bg4 7. Be2 Nf6 8.
Nc3 Qd7 9. d5 e6 10. dxe6 Qxd1+ 11. Bxd1 Bxe6 12. Nd4 Bc4 13. Bf3 Bc5 14. Be3
Nbd7 15. b3 Bb4 16. Rc1 Bd5 17. O-O Bxf3 18. Nxf3 O-O 19. Rfd1 Rac8 20. Ne2 Ba3
21. Rxc8 Rxc8 22. Ned4 h6 23. h3 Rc3 24. Rd2 Bc1 25. Rc2 Rxc2 26. Nxc2 Bxe3
1/2-1/2

[Event "DVM U20w 2008"]
[Site "Arendsee (Altmark) GER"]
[Date "2008.12.27"]
[Round "1"]
[White "Stoer, Agnes"]
[Black "Stark, Saskia"]
[Result "1/2-1/2"]
[Termination "normal"]
[Board "4.2"]
[WhiteElo "1422"]
[BlackElo "1912"]
[WhiteTeam "SK Turm Rheydt 1929"]
[BlackTeam "SG G-W Dresden"]
[PlyCount "68"]
[WhiteFideId "1270593"]
[BlackFideId "4601050"]
[EventCountry "GER"]
[EventRounds "5"]
[EventType "team-swiss"]
[EventDate "2008.12.26"]

1. e4 c5 2. Nf3 e6 3. d4 cxd4 4. Nxd4 a6 5. Bd3 Nf6 6. Bd2 Qc7 7. Nc3 b5 8. Qf3
Bb7 9. O-O-O d6 10. Qe3 Ng4 11. Qg3 Ne5 12. f4 Nxd3+ 13. Qxd3 Nd7 14. Rde1 Nc5
15. Qf3 O-O-O 16. a3 g6 17. b4 Nd7 18. Nb3 Bg7 19. Na5 Ba8 20. Qd3 Nb6 21. Rhf1
Rhe8 22. g3 Nc4 23. Nxc4 bxc4 24. Qe3 d5 25. exd5 Bxd5 26. Na4 Bc6 27. Bc3 Bxa4
28. Bxg7 Kb7 29. Qe4+ Rd5 30. Rd1 Qc6 31. Rd4 Bb5 32. Rfd1 Red8 33. Bf6 R8d7
34. g4 Rxd4 1/2-1/2

[Event "DVM U20w 2008"]
[Site "Arendsee (Altmark) GER"]
[Date "2008.12.27"]
[Round "1"]
[White "Kosovska, Olena"]
[Black "Koppers, Hannah"]
[Result "1-0"]
[Termination "normal"]
[Board "4.3"]
[WhiteElo "1954"]
[BlackElo "1136"]
[WhiteTeam "SG G-W Dresden"]
[BlackTeam "SK Turm Rheydt 1929"]
[PlyCount "65"]
[WhiteFideId "4647963"]
[EventCountry "GER"]
[EventRounds "5"]
[EventType "team-swiss"]
[EventDate "2008.12.26"]

1. c4 e5 2. Nc3 Nf6 3. Nf3 Nc6 4. g3 d5 5. cxd5 Nxd5 6. Bg2 Nf6 7. d3 Bb4 8.
O-O O-O 9. Bd2 Bf5 10. Nh4 Be6 11. Rc1 Rb8 12. Qa4 Bxc3 13. Bxc3 Bd5 14. e4 Be6
15. Qd1 Qd7 16. f4 Ng4 17. f5 Ne3 18. fxe6 Qxe6 19. Qh5 Nxf1 20. Rxf1 b5 21. a3
Nd4 22. Bxd4 exd4 23. Qc5 Qb6 24. Rc1 Rfc8 25. Qg5 g6 26. e5 Qe6 27. Rc6 Qb3
28. e6 fxe6 29. Rxe6 Rf8 30. Rxg6+ hxg6 31. Bd5+ Qxd5 32. Qxd5+ Rf7 33. Nxg6
1-0

[Event "DVM U20w 2008"]
[Site "Arendsee (Altmark) GER"]
[Date "2008.12.27"]
[Round "1"]
[White "Vieten, Sarah"]
[Black "Nake, Marianne"]
[Result "0-1"]
[Termination "normal"]
[Board "4.4"]
[WhiteElo "846"]
[BlackElo "1320"]
[WhiteTeam "SK Turm Rheydt 1929"]
[BlackTeam "SG G-W Dresden"]
[PlyCount "58"]
[EventCountry "GER"]
[EventRounds "5"]
[EventType "team-swiss"]
[EventDate "2008.12.26"]

1. e4 c5 2. b3 d6 3. Bb2 Nc6 4. d4 cxd4 5. Bxd4 Nxd4 6. Qxd4 Bd7 7. Nf3 Qa5+ 8.
Nc3 Rc8 9. Bc4 b5 10. Rb1 bxc4 11. bxc4 e5 12. Qd3 Nf6 13. O-O Be7 14. Rb2 O-O
15. Nd5 Nxd5 16. exd5 f5 17. Qe2 Bf6 18. Rb7 Rc7 19. Rfb1 e4 20. Ne1 Bc3 21.
R7b3 Bxe1 22. Rxe1 Rxc4 23. Qxc4 Qxe1+ 24. Qf1 Qxf1+ 25. Kxf1 Bc8 26. a4 Ba6+
27. Ke1 Rc8 28. c3 Kf7 29. a5 Rc5 0-1

[Event "DVM U20w 2008"]
[Site "Arendsee (Altmark) GER"]
[Date "2008.12.28"]
[Round "2"]
[White "Hofmann, Annett"]
[Black "Hüllen, Alexandra"]
[Result "1-0"]
[Termination "normal"]
[Board "1.1"]
[WhiteElo "1993"]
[BlackElo "1416"]
[WhiteTeam "SF Hettstedt"]
[BlackTeam "TTC G-W Fritzdorf"]
[PlyCount "59"]
[WhiteFideId "24603759"]
[EventCountry "GER"]
[EventRounds "5"]
[EventType "team-swiss"]
[EventDate "2008.12.26"]

1. e4 e6 2. d4 d5 3. Nd2 dxe4 4. Nxe4 Nd7 5. Bc4 Ndf6 6. Ng3 c5 7. Be3 cxd4 8.
Bxd4 Bd7 9. Nf3 Qc7 10. Qe2 Bc6 11. Bb3 Be7 12. O-O Nh6 13. Ne5 O-O 14. Nxc6
Qxc6 15. c4 b6 16. a3 Rad8 17. Rfd1 Nf5 18. Nxf5 exf5 19. Qxe7 Rfe8 20. Qxa7
Qe4 21. f3 Qh4 22. Bf2 Qf4 23. Rxd8 Rxd8 24. Qxb6 Rd2 25. Be3 Qd6 26. c5 Qxb6
27. cxb6 Rxb2 28. Rd1 Rxb3 29. Rd8+ Ne8 30. Rxe8# 1-0

[Event "DVM U20w 2008"]
[Site "Arendsee (Altmark) GER"]
[Date "2008.12.28"]
[Round "2"]
[White "Bachem, Sabrina"]
[Black "Weiß, Katharina"]
[Result "0-1"]
[Termination "normal"]
[Board "1.2"]
[WhiteElo "1368"]
[BlackElo "1651"]
[WhiteTeam "TTC G-W Fritzdorf"]
[BlackTeam "SF Hettstedt"]
[PlyCount "42"]
[BlackFideId "24692859"]
[EventCountry "GER"]
[EventRounds "5"]
[EventType "team-swiss"]
[EventDate "2008.12.26"]

1. e4 c5 2. Nf3 d6 3. d4 cxd4 4. Nxd4 Nf6 5. Nc3 g6 6. Be3 Bg7 7. Qd2 O-O 8.
Bc4 Ng4 9. O-O-O Nxe3 10. Qxe3 Nc6 11. Nce2 Qc7 12. f4 Nxd4 13. Rxd4 e5 14.
Bxf7+ Rxf7 15. Rd3 Be6 16. Ra3 Rc8 17. Rc3 exf4 18. Rxc7 fxe3 19. Rxc8+ Bxc8
20. Ng3 Rf2 21. Rg1 Be5 0-1

[Event "DVM U20w 2008"]
[Site "Arendsee (Altmark) GER"]
[Date "2008.12.28"]
[Round "2"]
[White "Hofmann, Christine"]
[Black "Bojahr, Franziska"]
[Result "1-0"]
[Termination "normal"]
[Board "1.3"]
[WhiteElo "1606"]
[BlackElo "1303"]
[WhiteTeam "SF Hettstedt"]
[BlackTeam "TTC G-W Fritzdorf"]
[PlyCount "57"]
[EventCountry "GER"]
[EventRounds "5"]
[EventType "team-swiss"]
[EventDate "2008.12.26"]

1. d4 Nf6 2. c4 e6 3. Nc3 d5 4. Nf3 b6 5. Bg5 Be7 6. e3 h6 7. Bh4 c5 8. cxd5
exd5 9. Be2 Bb7 10. O-O Nbd7 11. Qb3 O-O 12. Rfd1 Rc8 13. Ne1 Qc7 14. Nb5 Qb8
15. Bg3 Qa8 16. Nc7 Qb8 17. Ne6 Qxg3 18. hxg3 fxe6 19. Nf3 Ne4 20. Rf1 Bc6 21.
Rad1 c4 22. Qc2 Bb4 23. a3 Ba5 24. Nh4 Rf6 25. Bh5 Nf8 26. Rc1 g5 27. Nf3 Ng6
28. Bxg6 Rxg6 29. Ne5 1-0

[Event "DVM U20w 2008"]
[Site "Arendsee (Altmark) GER"]
[Date "2008.12.28"]
[Round "2"]
[White "Karmann, Anna"]
[Black "Lorenz, Nicole"]
[Result "1/2-1/2"]
[Termination "normal"]
[Board "2.1"]
[WhiteElo "1903"]
[BlackElo "1811"]
[WhiteTeam "SG Porz"]
[BlackTeam "SG G-W Dresden"]
[PlyCount "95"]
[WhiteFideId "24648000"]
[BlackFideId "24623709"]
[EventCountry "GER"]
[EventRounds "5"]
[EventType "team-swiss"]
[EventDate "2008.12.26"]

1. c4 Nf6 2. g3 e6 3. Bg2 d5 4. Nf3 Be7 5. O-O O-O 6. b3 c5 7. cxd5 Nxd5 8. Bb2
Nc6 9. d4 cxd4 10. Nxd4 Nxd4 11. Bxd4 Bf6 12. e3 Bd7 13. Na3 Bxd4 14. Qxd4 Bc6
15. Rfd1 Qe7 16. Nc4 Nb4 17. Qd6 Qxd6 18. Rxd6 Bxg2 19. Kxg2 Rfd8 20. a3 Nc6
21. Rad1 Rxd6 22. Rxd6 Rd8 23. Rxd8+ Nxd8 24. Kf3 Kf8 25. e4 f6 26. e5 Ke7 27.
Ke4 f5+ 28. Kf4 Nf7 29. h4 Kd7 30. a4 Kc6 31. Ke3 Kd5 32. f4 b6 33. Kd3 Kc5 34.
Kc3 g6 35. Nd2 h6 36. Nf3 Nd8 37. Nd4 a6 38. b4+ Kd5 39. Kd3 Nc6 40. Nc2 Nd8
41. Ne3+ Kc6 42. Kd4 a5 43. Nc2 axb4 44. Nxb4+ Kc7 45. Kc4 Nf7 46. Nc2 Nd8 47.
Nd4 Kc8 48. Nb5 1/2-1/2

[Event "DVM U20w 2008"]
[Site "Arendsee (Altmark) GER"]
[Date "2008.12.28"]
[Round "2"]
[White "Stark, Saskia"]
[Black "Blübaum, Johanna"]
[Result "1-0"]
[Termination "normal"]
[Board "2.2"]
[WhiteElo "1912"]
[BlackElo "1902"]
[WhiteTeam "SG G-W Dresden"]
[BlackTeam "SG Porz"]
[PlyCount "53"]
[WhiteFideId "4601050"]
[BlackFideId "24647373"]
[EventCountry "GER"]
[EventRounds "5"]
[EventType "team-swiss"]
[EventDate "2008.12.26"]

1. e4 e6 2. d4 d5 3. Nc3 Nf6 4. Bg5 dxe4 5. Nxe4 Be7 6. Nxf6+ Bxf6 7. Bxf6 Qxf6
8. Nf3 O-O 9. Bd3 c5 10. O-O cxd4 11. Nxd4 e5 12. Nb5 Na6 13. c4 Bf5 14. Bxf5
Qxf5 15. Qd5 Rfd8 16. Qxb7 Nc5 17. Qc7 Ne4 18. f3 Nd2 19. Rfe1 f6 20. b3 Rd7
21. Qc5 Qg6 22. Qf2 a6 23. Nc3 Rd3 24. Re3 Rad8 25. Nd5 Rd7 26. Rxd3 Qxd3 27.
Rd1 1-0

[Event "DVM U20w 2008"]
[Site "Arendsee (Altmark) GER"]
[Date "2008.12.28"]
[Round "2"]
[White "Micklich, Rahel"]
[Black "Kosovska, Olena"]
[Result "0-1"]
[Termination "normal"]
[Board "2.3"]
[WhiteElo "1779"]
[BlackElo "1954"]
[WhiteTeam "SG Porz"]
[BlackTeam "SG G-W Dresden"]
[PlyCount "54"]
[WhiteFideId "24639184"]
[BlackFideId "4647963"]
[EventCountry "GER"]
[EventRounds "5"]
[EventType "team-swiss"]
[EventDate "2008.12.26"]

1. d4 Nf6 2. c4 Nc6 3. d5 Ne5 4. Qd4 d6 5. e4 c5 6. Qe3 e6 7. f4 Ng6 8. Nc3 Be7
9. Nf3 O-O 10. e5 Ng4 11. Qe4 dxe5 12. fxe5 exd5 13. cxd5 N4xe5 14. Nxe5 Nxe5
15. Qxe5 Bh4+ 16. Kd2 Re8 17. Qh5 Qf6 18. Qf3 Qd4+ 19. Bd3 Bg4 20. Qf1 Re1 21.
Qxe1 Bxe1+ 22. Rxe1 c4 23. Re3 cxd3 24. g3 Rc8 25. a4 Qf6 26. Ne4 Qf1 27. Nc3
Bf5 0-1

[Event "DVM U20w 2008"]
[Site "Arendsee (Altmark) GER"]
[Date "2008.12.28"]
[Round "2"]
[White "Nake, Marianne"]
[Black "Tunc, Helin"]
[Result "0-1"]
[Termination "normal"]
[Board "2.4"]
[WhiteElo "1320"]
[BlackElo "1554"]
[WhiteTeam "SG G-W Dresden"]
[BlackTeam "SG Porz"]
[PlyCount "94"]
[BlackFideId "24659304"]
[EventCountry "GER"]
[EventRounds "5"]
[EventType "team-swiss"]
[EventDate "2008.12.26"]

1. e4 d5 2. exd5 Qxd5 3. Nc3 Qd6 4. d4 a6 5. Nf3 Nc6 6. Bc4 e6 7. a3 Nf6 8. Be3
b5 9. Ba2 Bb7 10. Qd2 Rd8 11. Bf4 Qd7 12. Rd1 Be7 13. O-O O-O 14. Rfe1 Qc8 15.
Qe2 Rd7 16. d5 exd5 17. Bxd5 Nxd5 18. Nxd5 Bd6 19. Bxd6 Rxd6 20. Ne7+ Nxe7 21.
Rxd6 cxd6 22. Qxe7 Bxf3 23. gxf3 Qxc2 24. Qxd6 Qxb2 25. Qxa6 h6 26. Kg2 Rd8 27.
Qb6 Rd5 28. Qe3 Rg5+ 29. Kf1 Qf6 30. Qe8+ Kh7 31. Qe4+ g6 32. h4 Rf5 33. Re3
Rf4 34. Qd5 Qxh4 35. Ke2 Rf5 36. Qe4 Qxe4 37. fxe4 Rc5 38. Rf3 Kg7 39. Kd2 f5
40. exf5 Rxf5 41. Rxf5 gxf5 42. Ke3 Kf6 43. Kf4 Ke6 44. Kg3 Ke5 45. Kf3 f4 46.
Kg2 Ke4 47. Kf1 Kf3 0-1